Aasian 10 demokraattisinta valtiota - Statistics

Yleistilastot
  • Tätä visaa on pelattu 1 163 kertaa
    1 162 viimeisimmän päivityksen jälkeen
  • Keskiarvotulos 6 / 10
Vastaustilastot
Tulos Valtio Muutos % Oikein
8,33 Japani + 0,18
94%
8,03 Etelä-Korea - 0.13
86%
7,04 Intia + 0,13
68%
6,71 Indonesia + 0,00
64%
8,99 Taiwan + 0,00
61%
6,73 Filippiinit + 0,11
50%
7,30 Malesia + 0,06
48%
7,93 Israel - 0,04
45%
7,06 Itä-Timor + 0,00
23%
7,38 Kypros - 0,05
21%
Ehtoja vastaavia visoja ei löytynyt
Tulosjakauma
Jokaisen tuloksen saaneiden osuus
Persentiili vastausten määrän mukaan
Tuloshistoriasi
Et ole pelannut tätä visaa sen viimeisimmän päivityksen jälkeen